Normale Ansicht MARC-Ansicht ISBD

25 Jahre Kleist Forum, eine Million Zuschauer (Titelsatznr. 374355)

[ MARC ]
MARC-Details
000 -Satzkennung
Kontrollfeld mit fester Länge 00772nab a2200193 4500
001 - Kontrollnummer
Kontrollfeld 244442
003 - Kontrollnummer Identifier
Kontrollfeld OSt
005 - Datum und Zeit der letzten Transaktion
Kontrollfeld 20260324132512.0
007 - Feld mit fester Länge zur physischen Beschreibung - Allgemeine Information
Kontrollfeld mit fester Länge tu
008 - Feld mit fester Länge zur physischen Beschreibung - Allgemeine Angaben
Kontrollfeld mit fester Länge 260324s2020|||||||
040 ## - Katalogisierungsquelle
Original-Katalogisierungsstelle DE-2950
Übertragungsstelle DE-2950
245 00 - Titel
Titel 25 Jahre Kleist Forum, eine Million Zuschauer
Zusatz zum Titel Jubiläum. Zur Eröffnung im März 2001 noch umstritten, heute ein Publikumsmagnet.: Frankfurts Theater und Veranstaltungshaus hatte einen schweren Start, zum Richtfest gab es Pfiffe. Doch über die Jahre ist das Kleist Forum zum "Wohnzimmer" der Stadt geworden/
Verfasserangabe etc. Thomas Gutke
264 ## - Produktion, Veröffentlichung, Distribution, Herstellung und Urheberrechtsvermerk
Datum der Herstellung, der Veröffentlichung, des Vertriebs oder des Urheberschutzvermerks 2026
653 ## - Indexierungsterm - Nicht normiert
Nicht-normierter Term Frankfurt (O)
653 ## - Indexierungsterm - Nicht normiert
Nicht-normierter Term Kleist Forum
653 ## - Indexierungsterm - Nicht normiert
Nicht-normierter Term Jubiläum
773 0# - Übergeordnete Einheit
Verknüpfungsangaben 37. Jahrgang (2026) Nr. 67 vom 20.03.2026 , S. 15 mit Fotos
Titel Märkische Oderzeitung
942 ## - Zusätzliche Felder (Koha)
Klassifikation oder Aufstellungssystematik Andere/Generische Klassifikation
Koha-Medientyp Aufsätze
Exemplare
Ausgeschieden Verloren Klassifikation oder Aufstellungssystematik Beschädigt Nicht entleihbar Heimatbibliothek Aufenthaltsbibliothek Aufstellungsort Erwerbungsdatum Anzahl Ausleihen Signatur Letzte Aktivität Preis gültig von Koha-Medientyp
    Andere/Generische Klassifikation     Stadtarchiv Frankfurt (Oder) | Archivbibliothek Stadtarchiv Frankfurt (Oder) | Archivbibliothek Magazin 24/03/2026   Z2 24/03/2026 24/03/2026 Aufsätze